[Event "TCh-RUS"]
[Site "Dagomys RUS"]
[Date "2008.04.05"]
[Round "4"]
[White "Radjabov,T"]
[Black "Grachev,B"]
[Result "1-0"]
[WhiteElo "2751"]
[BlackElo "2610"]
[EventDate "2008.04.02"]

1. e4 c5 2. Nf3 e6 3. d4 cxd4 4. Nxd4 Nc6 5. Nc3 Qc7 6. Be3 Nf6 7. f4 Bb4
8. Ndb5 Qa5 9. e5 Nd5 10. Bd2 Nxc3 11. bxc3 Be7 12. c4 Qd8 13. Bd3 d6 14.
O-O O-O 15. Nxd6 Bxd6 16. exd6 Qxd6 17. Bc3 f5 18. Kh1 e5 19. fxe5 Qa3 20.
Qe1 Be6 21. Rb1 b6 22. g4 g6 23. gxf5 gxf5 24. Qg3+ Kh8 25. Bxf5 Nd4 26.
Be4 Qc5 27. Qh4 Nf5 28. Rxf5 Rxf5 29. Bxf5 1-0

[Event "TCh-RUS"]
[Site "Dagomys RUS"]
[Date "2008.04.05"]
[Round "4"]
[White "Nepomniachtchi,I"]
[Black "Eljanov,P"]
[Result "1/2-1/2"]
[WhiteElo "2634"]
[BlackElo "2687"]
[EventDate "2008.04.02"]

1. e4 e5 2. Nf3 Nc6 3. Bb5 Nf6 4. d3 Bc5 5. O-O d6 6. Be3 Bb6 7. a4 O-O 8.
Bxc6 bxc6 9. a5 Bxe3 10. fxe3 g6 11. Nc3 Ng4 12. Qe1 f5 13. exf5 gxf5 14.
h3 Nf6 15. d4 e4 16. Nh4 Nh5 17. Ne2 Qg5 18. a6 Rb8 19. Kh2 Rxb2 20. Nf4
Rxc2 21. Nxh5 Qxh5 22. Rc1 Rxc1 23. Qg3+ Kh8 24. Rxc1 f4 25. exf4 Qh6 26.
Rxc6 Rg8 27. Qc3 Qxf4+ 28. g3 Qf6 29. Rxc7 Bxa6 30. Ng2 Qf3 31. d5+ Qxc3
32. Rxc3 Bb5 33. Ne3 a5 34. Nf5 Rd8 35. Rc7 a4 36. Ra7 Rc8 37. g4 Rd8 38.
Kg3 Bc4 39. Ne3 Bb3 40. Kf4 Re8 41. Kg5 Rg8+ 42. Kf5 Rg7 43. Ra8+ Rg8 44.
Ra7 Rg7 45. Ra5 Rc7 46. Kf6 Rc8 47. Ra7 Rg8 48. h4 Rg6+ 49. Kf5 Rg7 50. Ra5
h6 51. g5 hxg5 52. hxg5 Kh7 53. Ng4 Rf7+ 54. Nf6+ Kg7 55. Ra8 Rf8 56. Ra7+
Rf7 57. Ra8 Rf8 58. Ra7+ Rf7 59. Kxe4 1/2-1/2

[Event "TCh-RUS"]
[Site "Dagomys RUS"]
[Date "2008.04.07"]
[Round "6"]
[White "Lysyj,I"]
[Black "Kurnosov,I"]
[Result "1/2-1/2"]
[WhiteElo "2595"]
[BlackElo "2593"]
[EventDate "2008.04.02"]

1. d4 Nf6 2. c4 g6 3. Nc3 d5 4. Bf4 Bg7 5. e3 c5 6. dxc5 Qa5 7. Rc1 dxc4 8.
Bxc4 O-O 9. Nge2 Qxc5 10. Qb3 Nc6 11. Nb5 Qh5 12. Ng3 Qh4 13. Nc7 e5 14.
Bxe5 Nxe5 15. Nxa8 b6 16. Nc7 Bb7 17. Qb5 Bxg2 18. Qxe5 Ng4 19. Qb5 Bxh1
20. Nxh1 Nxe3 21. Bxf7+ Rxf7 22. Qe8+ Bf8 23. Qxe3 Qxh2 24. Ng3 Qg1+ 25.
Ke2 Rxf2+ 26. Kd3 Qg2 27. Rc2 Rxc2 28. Qe6+ Kh8 29. Qe5+ 1/2-1/2

[Event "TCh-RUS"]
[Site "Dagomys RUS"]
[Date "2008.04.10"]
[Round "8"]
[White "Volokitin,And"]
[Black "Grachev,B"]
[Result "1/2-1/2"]
[WhiteElo "2684"]
[BlackElo "2610"]
[EventDate "2008.04.02"]

1. e4 c5 2. Nf3 e6 3. d4 cxd4 4. Nxd4 Nc6 5. Nc3 Qc7 6. Be3 Nf6 7. f4 Bb4
8. Ndb5 Qa5 9. e5 Nd5 10. Bd2 Nxc3 11. Nxc3 d5 12. a3 Be7 13. Bd3 Qb6 14.
Qg4 g6 15. O-O-O Bd7 16. Qg3 Rc8 17. h4 h5 18. Qe1 Na5 19. Be3 d4 20. Bf2
Rxc3 21. bxc3 Bxa3+ 22. Kd2 dxc3+ 23. Ke2 Qb4 24. Bxa7 Qxf4 25. Qxc3 Qg4+
26. Kf2 Bc6 27. Qxa3 Qxg2+ 28. Ke1 Qxh1+ 29. Kd2 Qh2+ 30. Kc3 Qxe5+ 31. Bd4
Qc7 32. Bxh8 Bf3+ 33. Kd2 Qf4+ 34. Kc3 Qc7+ 35. Kd2 Qf4+ 36. Kc3 1/2-1/2